A reklámok működése, pszichológiai hatásai
| Szerző: | |
|---|---|
| További közreműködők: | |
| Dokumentumtípus: | Diplomadolgozat |
| Kulcsszavak: | manipuláció motiváció reklám reklámeszközök reklámetika |
| Online Access: | http://dolgozattar.uni-bge.hu/59791 |
MARC
| LEADER | 00000nta a2200000 i 4500 | ||
|---|---|---|---|
| 001 | dolg59791 | ||
| 005 | 20260409145552.0 | ||
| 008 | 260409suuuu hu om 000 hun d | ||
| 040 | |a BGE Dolgozattár Repozitórium |b hun | ||
| 041 | |a hu | ||
| 100 | 1 | |a Saruga Borbála | |
| 245 | 1 | 2 | |a A reklámok működése, pszichológiai hatásai |c Saruga Borbála |h [elektronikus dokumentum] |
| 520 | 3 | |a Szakdolgozatom témája a reklámok működése, hatékonysága és pszichológiai hatásai a fogyasztókra nézve. Különös figyelmet szeretnék fordítani a vizuális és az audiovizuális reklámokra, ezeket szeretném elemezni elsősorban. Témaválasztásom oka a téma aktualitása és érdekessége volt, mivel gazdasági és társadalmi jelentőségük is nagyon lényeges.Izgalmasnak tartom, hogy a témával kapcsolatban nemcsak marketinges megközelítést alkalmazhatunk, hanem pszichológiait is. Kutatásom egyik fő célja megismerkedni a reklámok működésével. Kíváncsi vagyok a fogyasztókra gyakorolt hatásaira, hogyan ösztönzi pontosan a vásárlókat a cselekvésre. | |
| 695 | |a manipuláció | ||
| 695 | |a motiváció | ||
| 695 | |a reklám | ||
| 695 | |a reklámeszközök | ||
| 695 | |a reklámetika | ||
| 700 | 1 | |a Békési Gábor György |e ths | |
| 856 | 4 | 0 | |u http://dolgozattar.uni-bge.hu/59791/1/Saruga%20Borb%C3%A1la-NYE3G0-A%20rekl%C3%A1mok%20m%C5%B1k%C3%B6d%C3%A9se%20%C3%A9s%20pszichol%C3%B3giai%20hat%C3%A1sai.pdf |z Dokumentum-elérés |
| 856 | 4 | 0 | |u http://dolgozattar.uni-bge.hu/59791/2/BA%20KM%20magyar%20b%C3%ADr%C3%A1lati%20lap%20BELS%C5%90_Saruga_Borbala.pdf |z Dokumentum-elérés |
| 856 | 4 | 0 | |u http://dolgozattar.uni-bge.hu/59791/3/SARUGA%20BORB%C3%81LA%20-%20BA%20KM%20magyar%20b%C3%ADr%C3%A1lati%20lap%20K%C3%9CLS%C5%90-SF.pdf |z Dokumentum-elérés |